Normal view MARC view
  • Pavements

Entry Topical Term

Number of records used in: 5

001 - CONTROL NUMBER

  • control field: 627

003 - CONTROL NUMBER IDENTIFIER

  • control field: NUST

005 - DATE AND TIME OF LATEST TRANSACTION

  • control field: 20170512124903.0

008 - FIXED-LENGTH DATA ELEMENTS

  • fixed length control field: 170512|| aca||aabn | a|a d

040 ## - CATALOGING SOURCE

  • Original cataloging agency: NUST
  • Transcribing agency: NUST

150 ## - HEADING--TOPICAL TERM

  • Topical term or geographic name entry element: Pavements
  • Geographic subdivision: Cold regions
  • General subdivision: Design and construction.

670 ## - SOURCE DATA FOUND

  • Source citation: Work cat.: (NUST)0: Doré, Guy. 626, Cold regions pavement engineering /, c2009.
© 2023 Central Library, National University of Sciences and Technology. All Rights Reserved.